000 00355nam a22001457a 4500
020 _a81-274-0111-0
082 _a894.812.3
_bNAI/V
100 _aNAIR RAJEEV
245 _aVISWASAHITHYATHILE THIRANJEDUTHA KALAKATHAKAL
250 _a4
260 _aKOTTAYAM
_bAVANTHI PUBLICATIONS
300 _a64
650 _aMALAYALAM SHORT STORY
_zKERALA
942 _cBK
999 _c1668
_d1668